000 00254nam a2200097Ia 4500
008 241105s9999 xx 000 0 und d
041 _aeng
100 _aDaripkar Ruchira
_9182554
245 _aOceanarium At Worli
260 _bFinal Year B. Arch, BNCA
_c2014
999 _c360843
_d360843